000 00519nam a2200145 4500
999 _c15949
_d15949
008 210120b ||||| |||| 00| 0 eng d
022 _a0732-8435
082 _aDPer 657.05 C33 Sept - Mar 2015, v. 85 - 86
100 _aAnders, Susan B.
_942727
245 _aGovernance, risk management, and compliance:
_bOCEG and the network/
_cSusan B. Anders.
260 _aNew York:
_bThe New York State Society of CPA,
_c©2015.
300 _av86 n3, pages 64-65:
_billustrations;
_c28 cm.
650 _2Finance.
942 _2ddc
_cPER